[Event "GER-chT North U16"]
[Site "Greifswald"]
[Date "2013.09.12"]
[Round "2.2"]
[White "Cegielka, Michael"]
[Black "Frost, Jakob"]
[Result "1/2-1/2"]
[WhiteElo "1647"]
[BlackElo "1372"]
[PlyCount "89"]
[EventDate "2013.09.12"]
[EventType "team-swiss"]
[EventRounds "7"]
[EventCountry "GER"]
[SourceTitle "EXT 2014"]
[Source "ChessBase"]
[SourceDate "2013.11.20"]
[SourceVersion "1"]
[SourceVersionDate "2013.11.20"]
[SourceQuality "1"]
[WhiteTeam "Bremen Ost"]
[BlackTeam "Schwerin"]
[WhiteTeamCountry "GER"]
[BlackTeamCountry "GER"]

1. e4 e5 2. Nf3 Nf6 3. Nc3 Nc6 4. Bc4 Bb4 5. d3 h6 6. 0-0 d6 7. Ne2 Bg4 8. Ng3 0-0 9. c3 Bc5 10. h3 Bd7 11. d4 Bb6 12. Be3 Re8 13. Re1 exd4 14. Bxd4 Nxd4 15. cxd4 Be6 16. d5 Bd7 17. b4 a6 18. a4 c6 19. dxc6 Bxc6 20. Qb3 d5 21. exd5 Rxe1+ 22. Rxe1 Bxd5 23. Rd1 Bxf2+ 24. Kxf2 Qb6+ 25. Nd4 Bxc4 26. Qxc4 Re8 27. a5 Qd6 28. Qb3 Ne4+ 29. Nxe4 Rxe4 30. Nf3 Qxb4 31. Qxb4 Rxb4 32. Rd8+ Kh7 33. Rd7 f6 34. Nd4 Rb2+ 35. Kf3 Rd2 36. g4 Kg6 37. h4 h5 38. Ke3 Ra2 39. gxh5+ Kxh5 40. Rd5+ Kxh4 41. Nf5+ Kg4 42. Nxg7 Rb2 43. Rd6 Rb5 44. Rxf6 Rxa5 45. Rb6 1/2-1/2

[Event "Niedersachsen-ch op-C"]
[Site "Verden"]
[Date "2013.01.06"]
[Round "7"]
[White "Cegielka, Michael"]
[Black "Schmugge, Jens"]
[Result "0-1"]
[WhiteElo "1386"]
[BlackElo "1651"]
[PlyCount "61"]
[EventDate "2013.01.03"]
[EventType "swiss"]
[EventRounds "7"]
[EventCountry "GER"]
[SourceTitle "EXT 2021"]
[Source "ChessBase"]
[SourceDate "2020.10.23"]
[SourceVersion "1"]
[SourceVersionDate "2020.10.23"]
[SourceQuality "1"]

1. e4 e6 2. d4 d5 3. exd5 exd5 4. Nc3 Nf6 5. Bg5 c6 6. Qe2+ Be6 7. a3 Nbd7 8. Nf3 Bd6 9. Ne5 0-0 10. Nxd7 Bxd7 11. Qf3 Re8+ 12. Be2 Be7 13. 0-0 Bg4 14. Qd3 Bxe2 15. Nxe2 Qc7 16. g3 h6 17. Bf4 Qd7 18. Rfe1 Qh3 19. f3 g5 20. Be5 h5 21. Bxf6 Bxf6 22. f4 Kh8 23. fxg5 Bxg5 24. Nf4 Bxf4 25. gxf4 Rg8+ 26. Kf2 Qg2+ 27. Ke3 Rae8+ 28. Qe4 Qxe4+ 29. Kd2 Rg2+ 30. Kc3 Qxc2+ 31. Kb4 0-1

[Event "GER-chT Nord-West U20 1112"]
[Site "Germany"]
[Date "2011.12.03"]
[Round "4"]
[White "Rosenburg, Hauke"]
[Black "Cegielka, Michael"]
[Result "1-0"]
[WhiteElo "1779"]
[BlackElo "1491"]
[PlyCount "71"]
[EventDate "2011.09.24"]
[EventType "team-tourn"]
[EventRounds "9"]
[EventCountry "GER"]
[SourceTitle "EXT 2015"]
[Source "ChessBase"]
[SourceDate "2014.11.20"]
[SourceVersion "1"]
[SourceVersionDate "2014.11.20"]
[SourceQuality "1"]

1. c4 c5 2. Nc3 Nc6 3. Nf3 d6 4. e3 g6 5. d4 cxd4 6. exd4 Bg7 7. Be3 Qb6 8. Qd2 Qc7 9. Nb5 Qd8 10. d5 a6 11. dxc6 axb5 12. cxb5 bxc6 13. bxc6 Qa5 14. Qxa5 Rxa5 15. Bd4 Bxd4 16. Nxd4 e5 17. Nb5 Ke7 18. a4 Nf6 19. b4 Ra8 20. Bc4 Ba6 21. 0-0 Bxb5 22. axb5 d5 23. Rxa8 Rxa8 24. b6 Ne8 25. Bxd5 Kd6 26. Rd1 f5 27. c7 Rc8 28. Bb7+ Ke7 29. Bxc8 Nd6 30. b7 Ne8 31. b8Q Nf6 32. Qb6 Kf7 33. Be6+ Kg7 34. Qd6 h5 35. Qe7+ Kh6 36. Qxf6 1-0